LIBRARY & INFORMATION CENTRE, KCAET, TAVANUR

ONLINE PUBLIC ACCESS CATALOGUE (OPAC)

Reinforced concrete structures / (Record no. 1898)

MARC details
000 -LEADER
fixed length control field 00440cam a2200181ua 4500
003 - CONTROL NUMBER IDENTIFIER
control field OSt
008 - FIXED-LENGTH DATA ELEMENTS--GENERAL INFORMATION
fixed length control field 250707b |||||||| |||| 00| 0 eng d
020 ## - INTERNATIONAL STANDARD BOOK NUMBER
ISBN 81-85614-44-X
041 ## - LANGUAGE CODE
Language code of text/sound track or separate title eng
082 ## - DEWEY DECIMAL CLASSIFICATION NUMBER
Classification number 624.18341
Item number SYA/RE
100 ## - MAIN ENTRY--AUTHOR NAME
Personal name Syal, I C .
245 ## - TITLE STATEMENT
Title Reinforced concrete structures /
250 ## - EDITION STATEMENT
Edition statement 3 /
260 ## - PUBLICATION, DISTRIBUTION, ETC. (IMPRINT)
Place of publication :
Name of publisher Aheeler publishing ,
Year of publication 1994.
300 ## - PHYSICAL DESCRIPTION
Number of Pages 743 ; .
700 1# - ADDED ENTRY--PERSONAL NAME
Personal name Goel, A K .
942 ## - ADDED ENTRY ELEMENTS (KOHA)
Koha item type Books
Holdings
Withdrawn status Lost status Damaged status Home library Current library Date acquired Full call number Accession Number Koha item type
      KAUAET KAUAET 07/04/2012 624.18341 SYA/RE 19655 Books
free website counter